Il viaggio in Toscana, 1907 /

Bibliographic Details
Main Author: Le Corbusier, 1887-1965
Corporate Author: Palazzo Pitti
Format: Book
Language:Italian
Published: Venezia : Cataloghi Marsilio, [1987]
Edition:1a ed.
Subjects:

MARC

Tag First Indicator Second Indicator Subfields
LEADER 00000cam a2200000 a 4500
001 in00000015283
005 20151007053026.0
008 870625s1987 it a bc 00110 ita d
020 |a 8876930299 
035 |a (OCoLC)16074597 
035 |9 AAB0099AM 
040 |a WAU  |c WAU  |d m/c  |d OCL  |d TXA  |d UtOrBLW 
043 |a e-it--- 
049 |a TXAM  |c [A12609655] 
050 4 |a NA1053.J4  |b A4 1987 
100 0 |a Le Corbusier,  |d 1887-1965. 
245 1 3 |a Il viaggio in Toscana, 1907 /  |c Le Corbusier. 
250 |a 1a ed. 
264 1 |a Venezia :  |b Cataloghi Marsilio,  |c [1987] 
264 4 |c ©1987 
300 |a xii, 140 pages :  |b illustrations (some color) ;  |c 28 cm. 
336 |a text  |b txt  |2 rdacontent 
337 |a unmediated  |b n  |2 rdamedia 
338 |a volume  |b nc  |2 rdacarrier 
500 |a Exhibition held at Florence, Palazzo Pitti, April 11-June 7, 1987. 
500 |a "Aprile 1987." 
504 |a Includes bibliographical references and index. 
600 0 0 |a Le Corbusier,  |d 1887-1965  |x Travel  |z Italy  |x Exhibitions. 
710 2 |a Palazzo Pitti. 
999 |a MARS 
999 f f |s 8ee1225a-f0d2-353a-9447-dac71776f126  |i 0c07edf4-56e4-329b-a2a8-da3182dbd2a4  |t 0 
952 f f |p ric  |a Texas A&M University  |b Rellis Campus  |c Joint Library Facility  |d Remote Storage  |t 0  |e NA1053.J4 A4 1987  |h Library of Congress classification  |i unmediated -- volume  |m A14812609655 
998 f f |a NA1053.J4 A4 1987  |t 0  |l Remote Storage